The young adventurers at holiday house

Bibliographic Details
Main Author: Blyton, Enid
Corporate Author: Title
Format: Book
Published: London : Award , 2004
Subjects:

MARC

LEADER 00000cam a2200000 7i4500
001 0000002309
005 20151222.0
008 070711
020 |a 1841352071 
090 0 0 |a JF   |b ENG 
100 1 |a Blyton, Enid 
245 1 4 |a The young adventurers at holiday house   |c Enid Blyton 
260 |a London :   |b Award ,   |c 2004 
500 |a Children ages 10-12 years old (pink) 
650 0 |a Adventure 
650 0 |a Junior fiction   |x English   |x Languages 
710 0 |a Title 
999 |a 0000966880   |b Book   |c Children Collection   |e Cawangan Pontian 
999 |a 0000966881   |b Book   |c Children Collection   |e Cawangan Tangkak 
999 |a 0000966882   |b Book   |c Children Collection   |e Cawangan Segamat 
999 |a 0000966883   |b Book   |c Children Collection   |e Cawangan Taman Universiti 
999 |a 0000966884   |b Book   |c Children Collection   |e Cawangan Sri Merlong